000
00205nam a22000857a 4500
001
1235315
005
20250930123100.0
245
_a
GARAJDAKİ GİZ
_c
DAVİD ALMOND
260
_b
GÜNIŞIĞI KİTAPLIĞI YAYINLARI
999
_c
1235315
_d
1235315